| 000 | 00461nam a2200157Ia 4500 | ||
|---|---|---|---|
| 008 | 151213s9999 xx 000 0 und d | ||
| 020 | _a0-87207-293-2 | ||
| 100 | _aKarens. Evans | ||
| 245 |
_aLiterature Discussion Groups In the Intermediates Grades _cKarens. Evans |
||
| 260 |
_aNew York _bInternational Reading Association _c2001 |
||
| 300 | _a6500 p. | ||
| 650 | _aEnglish Language | ||
| 650 | _aEnglish Language | ||
| 700 | _aKarens. Evans | ||
| 999 |
_c3590 _d3590 |
||